• 首页
  • 本馆介绍
  • 公告通知
  • 最新文献
  • 馆藏检索
  • 电子资源
  • 读者导购
  • 参考咨询
  • 我的图书馆
  • 登录
  • 详细信息显示
  • 放入我的书架
  • 预约/预借图书
  • 作者相关作品
  • 分类相关作品
  • 丛书相关作品
  • 出版社相关作品

书目信息

  • 表格格式
  • 工作单格式
  • 卡片格式
题名:
德育叙事
    
 
作者: 卓月琴 编著
分册:  
出版信息: 上海   上海教育出版社  2017
页数: 336页
开本: 24cm
丛书名: 核心素养教育丛书
单 册:
中图分类: G631 , G635.16
科图分类:
主题词: 中小学--德育--班主任工作
电子资源:
ISBN: 978-7-5444-7830-4
000 01205oam2 2200277 450
001 2229
005 20180522173302.71
010    @a978-7-5444-7830-4@dCNY48.00
100    @a20180217d2017 em y0chiy50 ea
101 0  @achi
102    @aCN@b310000
105    @aa z 000yy
200 1  @a德育叙事@9de yu xu shi@e班主任专业发展新视角@f卓月琴编著
210    @a上海@c上海教育出版社@d2017
215    @a336页@c照片@d24cm
225 1  @a核心素养教育丛书
314    @a卓月琴,女,上海市青浦区教师进修学院德育研究员,中学高级教师,上海市班主任带头人工作室初中联盟主持人。出版专著《体验式主题教育课——培育和践行社会主义核心价值观》、《班主任视窗:实践与理论同行》等。
330    @a本书强调以教师自身的真实生活为基础,以教师行动的意义探索为目的,以教师自己的故事建构为手段,更加贴近教师的现实,因而能够有效帮助每一个教师更好地发现自我、认识自我、提高自我,并在交流分享中推动整个教师群体的全面进步。
461  0 @12001 @a核心素养教育丛书
517 1  @a班主任专业发展新视角@9ban zhu ren zhuan ye fa zhan xin shi jiao
606 0  @a中小学@x德育@x班主任工作
690    @aG631@v5
690    @aG635.16@v5
701  0 @a卓月琴@9zhuo yue qin@4编著
801  0 @aCN@b91MARC@c20180217
905    @aMuseLib@dG631@e500
    
    德育叙事:班主任专业发展新视角/卓月琴编著.-上海:上海教育出版社,2017
    336页:照片;24cm.-(核心素养教育丛书)
    
    
    ISBN 978-7-5444-7830-4:CNY48.00
    本书强调以教师自身的真实生活为基础,以教师行动的意义探索为目的,以教师自己的故事建构为手段,更加贴近教师的现实,因而能够有效帮助每一个教师更好地发现自我、认识自我、提高自我,并在交流分享中推动整个教师群体的全面进步。
●
相关链接 在E读中查询图书 在五车中查询图书 在当当中查询图书 在豆瓣中查询图书


正题名:德育叙事     索取号:G631/500         预约/预借

序号 登录号 条形码 馆藏地/架位号 状态 备注
1 1108464   211084645   第一样本阅览室/ [索取号:G631/500] 在馆    
2 1108465   211084654   教育系资料室/ [索取号:G631/500] 在馆    
3 1108466   211084663   教育系资料室/ [索取号:G631/500] 在馆    
4 1108467   211084672   第四借阅区/ [索取号:G631/500] 在馆    
唐山师范学院图书馆 欢迎您!
大连网信软件有限公司© 版权所有